000 00196nam a2200109Ia 4500
100 _aHOFFMAN/ALICE
942 _cBK
245 _aTURTLE MOON
260 _b#N/A
546 _aENGLISH
999 _c24978
_d24978